000
00223nam a22000857a 4500
008
160624b xxu||||| |||| 00| 0 eng d
100
_9
1005
_a
Dutta, A.K
245
_a
The Kaziranga Trail
260
_a
N.D
_b
children's Book Trust
_c
1979
999
_c
802
_d
802